000 00474nam a2200181Ia 4500
005 20240823012054.0
008 240823s9999||||xx |||||||||||||| ||und||
041 _aENGLISH
082 _A624.171 P0
100 _a"Cook,Robert D [et al]"
245 0 _aConcepts and Applications of Finite Element Analysis
250 _a3rd
260 _c2000
_b"John Wiley,New York"
500 _aTRANSFERED
650 _aElement Analysis
_bMechanical
942 _cBK
999 _c163357
_d163357